000 01030cam a22002777a 4500
999 _c23011
_d23011
001 14549326
005 20170125123857.0
008 060913s2000 maua 000 0 eng
010 _a 2006279704
015 _aGBA0-V7097
020 _a156496695X (pbk.)
035 _a(OCoLC)ocm45326316
040 _aUKM
_cUKM
_dOCLCQ
_dBAKER
_dDLC
042 _alccopycat
050 0 0 _aNC880
_b.B47 2000
245 0 4 _aThe best of pastel /
_cjuried by Constance Flavell Pratt and Janet Monafo.
260 _aGloucester, Mass. :
_bQuarry Books/Rockport Publishers,
_cc2000.
300 _a144 p. :
_bcol. ill. ;
_c24 cm.
650 0 _aPastel drawing
_y20th century.
700 1 _aMonafo, Janet.
700 1 _aPratt, Constance Flavell.
942 _2lcc
_cBOOKS
_hNC880 .B47 2000